Celebridades 3 - Statistics

Estatísticas Gerais
  • Esse quiz foi jogado 216 vezes
  • A pontuação média é 11 de 15
Estatísticas das Respostas
Imagem Resposta % Correto
Lionel Messi
97%
Justin Bieber
95%
Selena Gomez
91%
Taylor Swift
90%
Zendaya
90%
Katy Perry
87%
Lady Gaga
82%
Gisele Bündchen
79%
Michelle Obama
78%
Mark Zuckerberg
77%
Emma Stone
76%
Serena Williams
59%
Bradley Cooper
43%
Gwyneth Paltrow
39%
Victoria Beckham
26%
Nenhum quiz correspondente encontrado
Distribuição das Pontuações
Porcentagem de Pessoas com Cada Pontuação
Percentil de Números Respondidos
Sua Pontuação Histórica
Você não jogou esse quiz